De Aristt̤eles a Santo Toms̀ Ideas polt̕icas y jurd̕icas Proyeccin̤ en el Derecho Tributario /

Detalles Bibliográficos
Autor principal: Amatucci, Andrea
Otros Autores: Plazas Vega, Mauricio A., Bravo Arteaga, Juan Rafael
Formato: eBook
Lenguaje:español
Publicado: Bogot:̀ Editorial Universidad de Rosario (Colombia), 2019
Materias:
Acceso en línea:Acceso restringido

MARC

LEADER 00000nam a22000007a 4500
005 20190813004114.0
007 cr|||| ||||
008 190813s2019 co |||||s|||| 00||0 spa d
020 |a 978-958-784-216-6 
035 |a 23994 
040 |a vLex 
090 |c 9160  |d 9160 
100 1 |a Amatucci, Andrea 
245 1 0 |a De Aristt̤eles a Santo Toms̀  |h [Recurso electrn̤ico] :  |b Ideas polt̕icas y jurd̕icas Proyeccin̤ en el Derecho Tributario /  |c Andrea Amatucci, Mauricio A. Plazas Vega, Juan Rafael Bravo Arteaga 
256 |a Servicio en ln̕ea 
260 |a Bogot:̀  |b Editorial Universidad de Rosario (Colombia),  |c 2019 
300 |a 1 recurso electrn̤ico 
500 |a Santo Toms̀ de Aquino es uno de los ms̀ grandes fils̤ofos de la historia universal. Su monumental obra Suma de teologa̕ no solo ha sido un referente de primer orden para la doctrina de la Iglesia, sino que ha sido y ser ̀determinante en las ms̀ variadas expresiones de las ciencias sociales y, por supuesto, en el derecho. La teora̕ de la ley, las profundas reflexiones sobre el derecho natural, la teora̕ de la justicia y su relacin̤ con el derecho, la teora̕ de la causa y la funcin̤ del juez son algunos de los temas trascendentales para los juristas que son abordados con excepcional inspiracin̤ en la obra de ilustre fils̤ofo tel̤ogo, sobre la cual dijo el papa Juan XXII durante el proceso de canonizacin̤ de su autor, que fue el verdadero y ms̀ grande milagro del Aquinate. La novedad de esta segunda edicin̤ de la obra se concreta, en esencia, en los comentarios de Juan Rafael Bravo Arteaga acerca de Aristt̤eles de Estagira, de cuyas luminosas ideas se nutri ̤Santo Toms̀ para revolucionar el discurso cristiano y catl̤ico con esa admirable concurrencia de razn̤ y fe a que con tanta frecuencia se alude en los textos de historia de la filosofa̕ para describir el trǹsito del agustinismo platn̤ico al tomismo aristotľico. 
506 1 |a Disponible solo en los productos indicados  |d vLex Global  |d vLex Global (Academic Edition, excluding Law Schools)  |d vLex Global (U.S. Academic Edition, Law Schools)  |d vLex Global (U.S. Academic Edition, excluding Law Schools)  |d vLex Global (Academic Edition, Law Schools) 
650 0 4 |a Derecho Tributario  |z Colombia 
650 0 4 |a Derecho Militar  |z Colombia 
700 1 |a Plazas Vega, Mauricio A. 
700 1 |a Bravo Arteaga, Juan Rafael 
740 0 |a vLex Libros (Servicio en ln̕ea) 
856 4 0 |u http://vlex.com/source/aristoteles-a-santo-tomas-ideas-politicas-y-juridicas-proyeccion-en-el-derecho-tributario-23994  |z Acceso restringido 
942 |c BOOK 
999 0 |a Tax Law 
999 0 |a Military Law